|
|
|
|
| LEADER |
00000nab#a22000007a#4500 |
| 001 |
arbauad043962 |
| 003 |
AR-BaUAD |
| 005 |
20250711113414.0 |
| 008 |
001005|||||||||###||||||b###|0###a|spa|| |
| 040 |
|
|
|a AR-BaUAD
|c AR-BaUAD
|b spa
|
| 100 |
|
|
|a Kerckhove, Derrick de
|
| 245 |
|
|
|a Impressioni dal vivo /
|c Derrick de Kerckhove;
|
| 300 |
0 |
|
|b fot.
|
| 653 |
|
|
|a AREAS RECREATIVAS
|
| 653 |
|
|
|a MILLENNIUM DOME
|
| 653 |
|
|
|a TEORIA
|
| 653 |
|
|
|a PSICOLOGIA
|
| 653 |
|
|
|a SOCIOLOGIA
|
| 653 |
|
|
|a DISEÑO
|
| 653 |
|
|
|a LONDRES
|
| 653 |
|
|
|a REINO UNIDO
|
| 773 |
0 |
|
|t DOMUS
|g no. 825 [abr. 2000], p. 42-49
|
| 942 |
|
|
|c ARTI
|
| 952 |
|
|
|0 0
|1 0
|4 0
|7 0
|9 88881
|a AR-BAuAD
|b AR-BAuAD
|d 2025-07-11
|l 0
|p AAQA043962
|r 2025-07-11 11:34:14
|w 2025-07-11
|y ARTI
|
| 990 |
|
|
|a AQ200
|b TD
|
| 998 |
|
|
|a AAQ
|b BIBUN76
|
| 999 |
|
|
|c 68554
|d 68554
|